Movimientos campesinos y estado en Bolivia /
En el artículo se busca relevar la necesidad que existe de introducir, en el análisis de los movimientos campesinos, las diversas interrelaciones políticas entre tales movimientos y la sociedad civil. Además, se trata de examinar, en concreto e históricamente, las distintas expresiones de populismo...
Guardado en:
| Autor principal: | |
|---|---|
| Otros Autores: | |
| Formato: | Texto |
| Materias: | |
| Etiquetas: |
Agregar Etiqueta
Sin Etiquetas, Sea el primero en etiquetar este registro!
|
MARC
| LEADER | 00000 a a2200000 04500 | ||
|---|---|---|---|
| 001 | 11763 | ||
| 003 | |||
| 040 | |||
| 100 | |a Calderón Gutiérrez, Fernando | ||
| 245 | |a Movimientos campesinos y estado en Bolivia / |c Fernando Calderón Gutiérrez ; Jorge Dandler | ||
| 520 | |a En el artículo se busca relevar la necesidad que existe de introducir, en el análisis de los movimientos campesinos, las diversas interrelaciones políticas entre tales movimientos y la sociedad civil. Además, se trata de examinar, en concreto e históricamente, las distintas expresiones de populismo que se presentan en la Región Andina, por medio del análisis de diferentes aspectos de la experiencia boliviana en la organización y participación social (casos de la Revolución de 1952, el autoritarismo y los procesos de movilización social). Se abordan aspectos teóricos del movimiento campesino y obrero boliviano. SFA/mb | ||
| 650 | |a MOVIMIENTOS CAMPESINOS | ||
| 650 | |a ESTADO | ||
| 650 | |a CAMPESINADO | ||
| 650 | |a ETNICIDAD | ||
| 650 | |a ORGANIZACIONES CAMPESINAS | ||
| 700 | |a Dandler, Jorge | ||
| 773 | |g número 85.3; páginas 15-50 | ||
| 999 | |c 40090 |d 40090 | ||
